000 00829nab a2200253 u 4500
001 12987
003 HDC
007 cr bn ---aaaaa
008 210211c my dr|nes 0 eng d
040 _aHDC
245 0 _aPKS digesa manfaatkan peluang untuk tembusi pasaran Iran
260 _a[no place] :
_b[publisher not identified],
_c[no year]
336 _atext
_2rdacontent
337 _acomputer
_2rdamedia
338 _aonline resource
_2rdacarrier
650 _aHalal market
_9582
650 _aSmall business
_9208
650 _aSmall medium enterprise
_95098
710 _aBernama
856 _zRequest full-text at [email protected]
942 _2lcc
942 _cNEWS
942 _kNWSO 002779
999 _c10303
_d10303